Výťažky oxidu uhoľnatého z vybraných elektrických káblov
Salvato in:
| Autore principale: | |
|---|---|
| Altri autori: | |
| Natura: | Manoscritto Libro |
| Lingua: | slovacco |
| Pubblicazione: |
2025
|
| Soggetti: | |
| Accesso online: | http://is.stuba.sk/zp/portal_zp.pl?podrobnosti=183724 |
| Tags: |
Nessun Tag, puoi essere il primo ad aggiungerne!!
|
MARC
| LEADER | 00000ntm a22000003a 4500 | ||
|---|---|---|---|
| 001 | stuzp105532 | ||
| 003 | SK-STU | ||
| 005 | 20250614213917.9 | ||
| 007 | ta | ||
| 008 | 150427s2015----xo-----f-mn---000-0-slo-d | ||
| 040 | |a STU |b slo | ||
| 041 | 0 | |a slo | |
| 100 | 1 | |a Gavenda, Martin |u 065000 |4 aut |U MTF Materiálovotechnologická fakulta |T MTF Ústav integrovanej bezpečnosti |X 111507 |U M5000 |Y 85 |7 111507 | |
| 242 | 0 | 1 | |a Carbon Monoxide Yields From Selected Electrical Cables |y eng |
| 245 | 1 | 0 | |a Výťažky oxidu uhoľnatého z vybraných elektrických káblov |
| 260 | |c 2025 | ||
| 650 | 4 | |a electrical cables |2 eng | |
| 650 | 4 | |a Carbon monoxide |2 eng | |
| 650 | 4 | |a yield |2 eng | |
| 650 | 4 | |a cone calorimeter |2 eng | |
| 650 | 4 | |a toxicity |2 eng | |
| 650 | 4 | |a kónický kalorimeter |2 slo | |
| 650 | 4 | |a elektrické káble |2 slo | |
| 650 | 4 | |a výťažok |2 slo | |
| 650 | 4 | |a oxid uhoľnatý |2 slo | |
| 650 | 4 | |a toxicita |2 slo | |
| 700 | 1 | |a Martinka, Jozef |u 065300 |k Z1 |4 ths |U MTF Ústav integrovanej bezpečnosti |T MTF Katedra požiarneho inžinierstva |X 45163 |U M5300 |Y 193 |7 A000045163 | |
| 856 | 4 | |u http://is.stuba.sk/zp/portal_zp.pl?podrobnosti=183724 | |
| 996 | |c M* DP-15524 |l MMSKP |s P |a 0 |w stuzp105532_0001 | ||